[Event "9th Sharjah Cup Women 2018"]
[Site "Sharjah"]
[Date "2018.12.19"]
[Round "8"]
[White "Stetsko, Lanita"]
[Black "Novikova, Margarita"]
[Result "1-0"]
[WhiteElo "2194"]
[BlackElo "2017"]
[Annotator "NA"]
[PlyCount "101"]
[EventDate "2018.12.14"]
[EventType "swiss"]
[EventCountry "UAE"]
[SourceTitle "playchess.com"]
[Source "ChessBase"]
[SourceQuality "1"]
[TimeControl "5400+30"]

1. e4 {[%emt 0:00:00]} d5 {[%emt 0:00:15]} 2. exd5 {[%emt 0:00:00]} Qxd5 {[%emt 0:00:12]} 3. Nc3 {[%emt 0:00:00]} Qd6 {[%emt 0:00:04]} 4. d4 {[%emt 0:00:20]} Nf6 {[%emt 0:00:10]} 5. Nf3 {[%emt 0:00:28]} Bf5 {[%emt 0:00:18]} 6. g3 {[%emt 0:09:47]} c6 {[%emt 0:01:41]} 7. Bg2 {[%emt 0:00:20]} e6 {[%emt 0:04:54]} 8. O-O {[%emt 0:02:11]} Qc7 {[%emt 0:10:01]} 9. Ne5 {[%emt 0:04:20]} Nbd7 {[%emt 0:04:54]} 10. Nc4 {[%emt 0:04:30]} Nb6 {[%emt 0:03:32]} 11. Bf4 {[%emt 0:06:11]} Qd8 {[%emt 0:00:37]} 12. Ne3 {[%emt 0:00:26]} Bg6 {[%emt 0:03:02]} 13. Re1 {[%emt 0:06:27]} Be7 {[%emt 0:08:42]} 14. Be5 {[%emt 0:05:49]} O-O {[%emt 0:04:48]} 15. h4 {[%emt 0:01:50]} h6 {[%emt 0:07:09]} 16. Ng4 {[%emt 0:09:23]} Nxg4 {[%emt 0:07:43]} 17. Qxg4 {[%emt 0:00:09]} Bf6 {[%emt 0:11:11]} 18. Be4 {[%emt 0:01:36]} Bh7 $14 {[%emt 0:07:00]} 19. Bxh7+ {[%emt 0:01:23]} Kxh7 {[%emt 0:00:01]} 20. Ne4 {[%emt 0:00:13]} Nd7 {[%emt 0:02:50]} 21. Rad1 {[%emt 0:04:41]} Qa5 {[%emt 0:08:34]} 22. Bd6 {[%emt 0:06:11]} Rfe8 {[%emt 0:03:54]} 23. a3 {[%emt 0:02:28]} Be7 {[%emt 0:01:42]} 24. Qf4 {[%emt 0:01:04]} Kg8 {[%emt 0:01:35]} 25. Re3 {[%emt 0:03:36]} Qh5 {[%emt 0:01:51]} 26. Rde1 {[%emt 0:00:53]} Bxd6 {[%emt 0:01:45]} 27. Nxd6 {[%emt 0:00:50]} Rf8 {[%emt 0:00:08]} 28. Nxb7 {[%emt 0:02:16]} Rab8 {[%emt 0:00:25]} 29. Rb3 {[%emt 0:00:11]} Qd5 {[%emt 0:00:35]} 30. Nc5 {[%emt 0:10:14]} e5 {[%emt 0:00:21]} 31. Qe4 {[%emt 0:00:18]} Qxe4 {[%emt 0:02:06]} 32. Rxe4 {[%emt 0:00:10]} Nxc5 {[%emt 0:00:05]} 33. dxc5 {[%emt 0:00:13]} Rxb3 {[%emt 0:00:28]} 34. cxb3 {[%emt 0:00:01]} Rb8 {[%emt 0:01:23]} 35. Rxe5 {[%emt 0:01:21]} Rxb3 {[%emt 0:00:02]} 36. Re8+ {[%emt 0:00:05]} Kh7 {[%emt 0:00:06]} 37. Rc8 {[%emt 0:00:13]} Rxb2 {[%emt 0:00:38]} 38. Rxc6 {[%emt 0:00:03]} a5 {[%emt 0:00:27]} 39. Ra6 {[%emt 0:00:34]} Rb5 {[%emt 0:00:18]} 40. c6 {[%emt 0:00:24]} Rc5 {[%emt 0:00:16]} 41. Kf1 {[%emt 0:01:07]} Rc3 {[%emt 0:01:11]} 42. a4 {[%emt 0:02:01]} Rc4 {[%emt 0:00:05]} 43. Ke2 {[%emt 0:02:34]} Rxa4 {[%emt 0:00:41]} 44. Kd3 {[%emt 0:00:04]} Ra1 {[%emt 0:00:39]} 45. Kc4 {[%emt 0:00:39]} Kg8 {[%emt 0:02:22]} 46. Kb5 {[%emt 0:00:30]} Rb1+ {[%emt 0:00:32]} 47. Kxa5 {[%emt 0:00:26]} Kh7 {[%emt 0:00:41]} 48. c7 {[%emt 0:00:10]} Rc1 {[%emt 0:00:07]} 49. Kb6 {[%emt 0:00:03]} Rb1+ {[%emt 0:00:04]} 50. Ka7 {[%emt 0:00:05]} Rc1 {[%emt 0:00:06]} 51. Kb7 {[%emt 0:00:03]} 1-0

[Event "9th Sharjah Cup Women 2018"]
[Site "Sharjah"]
[Date "2018.12.19"]
[Round "8"]
[White "Berke, Ana"]
[Black "Enkhtuul, Altan-Ulzii"]
[Result "1-0"]
[WhiteElo "2151"]
[BlackElo "2267"]
[Annotator "NA"]
[PlyCount "137"]
[EventDate "2018.12.14"]
[EventType "swiss"]
[EventCountry "UAE"]
[SourceTitle "playchess.com"]
[Source "ChessBase"]
[SourceQuality "1"]
[TimeControl "5400+30"]

1. e4 {[%emt 0:00:00]} Nf6 {[%emt 0:00:00]} 2. e5 {[%emt 0:00:00]} Nd5 {[%emt 0:00:00]} 3. d4 {[%emt 0:00:00]} d6 {[%emt 0:00:00]} 4. c4 {[%emt 0:00:00]} Nb6 {[%emt 0:00:00]} 5. exd6 {[%emt 0:00:00]} exd6 {[%emt 0:00:07]} 6. Nc3 {[%emt 0:01:36]} Be7 {[%emt 0:00:06]} 7. Bd3 {[%emt 0:00:13]} Nc6 {[%emt 0:00:38]} 8. Nge2 {[%emt 0:00:07]} Bf6 {[%emt 0:01:37] B03: Alekhine's Defence: Four Pawns Attack} 9. Be3 {[%emt 0:00:40]} O-O {[%emt 0:00:42]} 10. b3 {[%emt 0:00:20]} Bg4 {[%emt 0:08:01]} 11. O-O {[%emt 0:01:02]} Re8 {[%emt 0:10:46]} 12. Qd2 {[%emt 0:00:54]} Bxe2 {[%emt 0:01:21]} 13. Bxe2 {[%emt 0:00:23] LiveBook: 4 Games} d5 {[%emt 0:00:41]} 14. c5 {[%emt 0:00:25]} Nc8 {[%emt 0:00:10]} 15. Rfe1 {[%emt 0:01:47]} N8e7 {[%emt 0:01:16]} 16. Bg4 {[%emt 0:00:52] [#]} Ng6 $146 {[%emt 0:01:34]} 17. g3 {[%emt 0:02:11]} a6 {[%emt 0:01:49]} 18. Rad1 {[%emt 0:05:39]} Nf8 {[%emt 0:17:10]} 19. Bf3 {[%emt 0:17:51]} Ne7 {[%emt 0:04:41]} 20. Bg5 {[%emt 0:04:07]} Bxg5 {[%emt 0:00:14]} 21. Qxg5 {[%emt 0:00:06]} c6 {[%emt 0:02:16]} 22. Bg4 {[%emt 0:05:27]} h6 {[%emt 0:02:01]} 23. Qd2 {[%emt 0:01:35]} Qc7 {[%emt 0:01:27]} 24. Re2 {[%emt 0:01:29]} Nh7 {[%emt 0:04:08]} 25. Rde1 {[%emt 0:02:31]} Nf6 {[%emt 0:00:17]} 26. Bh3 {[%emt 0:01:56]} Rad8 {[%emt 0:05:17]} 27. b4 {[%emt 0:03:09]} g5 {[%emt 0:08:11]} 28. a4 {[%emt 0:08:32]} Kg7 {[%emt 0:00:15]} 29. b5 $14 {[%emt 0:01:53]} axb5 {[%emt 0:00:09]} 30. axb5 {[%emt 0:00:17]} g4 {[%emt 0:00:11]} 31. Bg2 {[%emt 0:01:24]} Qd7 {[%emt 0:02:37]} 32. Qd3 {[%emt 0:03:01]} Ng6 {[%emt 0:09:54]} 33. b6 {[%emt 0:03:43]} Rxe2 {[%emt 0:00:20]} 34. Rxe2 {[%emt 0:00:47]} Ra8 {[%emt 0:00:09]} 35. Ra2 {[%emt 0:04:51]} Qe8 {[%emt 0:00:22]} 36. Rxa8 {[%emt 0:04:54]} Qxa8 {[%emt 0:00:08]} 37. h3 {[%emt 0:01:29]} Qa1+ {[%emt 0:01:36]} 38. Kh2 {[%emt 0:01:23]} h5 {[%emt 0:00:26]} 39. Qe3 {[%emt 0:02:28]} h4 {[%emt 0:09:17]} 40. Ne2 {[%emt 0:02:07]} Qe1 {[%emt 0:05:34]} 41. gxh4 {[%emt 0:08:15]} Nxh4 {[%emt 0:00:06]} 42. Ng3 {[%emt 0:01:22]} Nxg2 {[%emt 0:04:48]} 43. Qg5+ {[%emt 0:05:40]} Kf8 {[%emt 0:00:09]} 44. Qxf6 {[%emt 0:01:05]} gxh3 {[%emt 0:00:37]} 45. Nf5 {[%emt 0:01:56]} Ke8 {[%emt 0:00:27]} 46. Nd6+ {[%emt 0:00:28]} Kd7 {[%emt 0:00:21]} 47. Qxf7+ {[%emt 0:01:15]} Qe7 {[%emt 0:00:08]} 48. Qxe7+ {[%emt 0:01:52]} Kxe7 {[%emt 0:00:04]} 49. Nxb7 {[%emt 0:00:14]} Nf4 {[%emt 0:00:09]} 50. Na5 {[%emt 0:00:25]} Kd7 {[%emt 0:00:06]} 51. Nb3 {[%emt 0:00:22]} Nd3 {[%emt 0:01:13]} 52. f3 {[%emt 0:00:16]} Nf4 {[%emt 0:00:19]} 53. Na1 {[%emt 0:01:25]} Kc8 {[%emt 0:00:57]} 54. Nc2 {[%emt 0:00:10]} Kb8 {[%emt 0:00:24]} 55. Ne3 {[%emt 0:00:51]} Kc8 {[%emt 0:00:36]} 56. Nf5 {[%emt 0:00:19]} Kd7 {[%emt 0:01:30]} 57. Kg3 {[%emt 0:00:33]} Ne6 {[%emt 0:00:33]} 58. Kxh3 {[%emt 0:00:08]} Ng5+ {[%emt 0:00:22]} 59. Kg4 {[%emt 0:00:15]} Nf7 {[%emt 0:00:01]} 60. Kf4 {[%emt 0:00:32]} Nh8 {[%emt 0:00:39]} 61. Kg5 {[%emt 0:00:29]} Nf7+ {[%emt 0:00:08]} 62. Kf6 {[%emt 0:00:13]} Nd8 {[%emt 0:00:15]} 63. Nd6 {[%emt 0:00:20]} Ne6 {[%emt 0:00:12]} 64. b7 {[%emt 0:00:43]} Kc7 {[%emt 0:01:09]} 65. Kxe6 {[%emt 0:00:09]} Kb8 {[%emt 0:00:07]} 66. f4 {[%emt 0:00:20]} Kc7 {[%emt 0:00:04]} 67. f5 {[%emt 0:00:16]} Kb8 {[%emt 0:00:04]} 68. f6 {[%emt 0:00:06]} Ka7 {[%emt 0:00:04]} 69. f7 {[%emt 0:00:07]} 1-0

[Event "9th Sharjah Cup Women 2018"]
[Site "Sharjah"]
[Date "2018.12.19"]
[Round "8"]
[White "Ovezdurdiyeva, Jemal"]
[Black "Zozulia, Anna"]
[Result "0-1"]
[WhiteElo "2114"]
[BlackElo "2270"]
[Annotator "NA"]
[PlyCount "80"]
[EventDate "2018.12.14"]
[EventType "swiss"]
[EventCountry "UAE"]
[SourceTitle "playchess.com"]
[Source "ChessBase"]
[SourceQuality "1"]
[TimeControl "5400+30"]

1. d4 {[%emt 0:00:00]} Nf6 {[%emt 0:00:00]} 2. c4 {[%emt 0:00:00]} Nc6 {[%emt 0:01:36]} 3. Nf3 {[%emt 0:11:01]} d6 {[%emt 0:01:09]} 4. Nc3 {[%emt 0:05:04]} g6 {[%emt 0:09:53] LiveBook: 14 Games} 5. Bg5 {[%emt 0:07:10]} Bg7 {[%emt 0:00:46]} 6. e3 {[%emt 0:00:13]} O-O {[%emt 0:05:09]} 7. Bd3 {[%emt 0:04:47]} h6 {[%emt 0:01:45]} 8. Bh4 {[%emt 0:00:30]} e5 {[%emt 0:01:47]} 9. dxe5 {[%emt 0:11:02]} dxe5 {[%emt 0:08:05]} 10. O-O {[%emt 0:21:23]} Be6 {[%emt 0:14:12]} 11. Qe2 {[%emt 0:03:40]} Qe8 {[%emt 0:11:07]} 12. Bxf6 {[%emt 0:14:00]} Bxf6 {[%emt 0:00:42]} 13. Nd5 {[%emt 0:01:14]} Bd8 {[%emt 0:01:31]} 14. e4 $15 {[%emt 0:01:49]} Bg4 {[%emt 0:10:23]} 15. Qe3 {[%emt 0:01:12]} Kg7 {[%emt 0:08:13]} 16. h3 {[%emt 0:05:07]} Bxf3 {[%emt 0:00:33]} 17. Qxf3 {[%emt 0:00:05]} Nd4 {[%emt 0:00:42]} 18. Qg3 {[%emt 0:00:35]} c6 {[%emt 0:00:41]} 19. Ne3 {[%emt 0:02:17]} Bg5 {[%emt 0:01:32]} 20. Nc2 {[%emt 0:01:35]} Bf4 {[%emt 0:02:29]} 21. Qg4 {[%emt 0:00:17]} h5 {[%emt 0:00:59]} 22. Qd1 {[%emt 0:00:09]} Ne6 {[%emt 0:00:04]} 23. b4 {[%emt 0:02:47]} Qe7 {[%emt 0:09:19]} 24. g3 {[%emt 0:01:41]} Rfd8 {[%emt 0:01:56]} 25. Qe2 {[%emt 0:03:25]} h4 {[%emt 0:01:07]} 26. g4 {[%emt 0:01:11]} Bh2+ {[%emt 0:05:52]} 27. Kxh2 {[%emt 0:00:21]} Nf4 {[%emt 0:00:02]} 28. Qe1 {[%emt 0:00:38]} Rxd3 {[%emt 0:00:38]} 29. Ne3 {[%emt 0:00:29]} Rad8 {[%emt 0:00:03]} 30. Rd1 {[%emt 0:00:38]} Rxd1 {[%emt 0:00:16]} 31. Nxd1 {[%emt 0:00:04]} Nd3 {[%emt 0:00:03]} 32. Qe3 {[%emt 0:00:21]} Qxb4 {[%emt 0:00:25]} 33. Qxa7 {[%emt 0:00:45]} Qxc4 {[%emt 0:00:31]} 34. Qxb7 {[%emt 0:00:05]} Qxe4 {[%emt 0:01:32]} 35. Qe7 {[%emt 0:00:47]} Nf4 {[%emt 0:00:55]} 36. Ne3 {[%emt 0:00:08]} Rd2 {[%emt 0:01:16]} 37. Qc5 {[%emt 0:01:03]} Qf3 {[%emt 0:00:31]} 38. Qxe5+ {[%emt 0:00:10]} Kh7 {[%emt 0:00:02]} 39. Qe7 {[%emt 0:01:09]} Qxh3+ {[%emt 0:00:08]} 40. Kg1 {[%emt 0:00:04]} Ne2# {[%emt 0:00:02]} 0-1

[Event "9th Sharjah Cup Women 2018"]
[Site "Sharjah"]
[Date "2018.12.19"]
[Round "8"]
[White "Asatryan, Sona"]
[Black "Babayan, Armine"]
[Result "1/2-1/2"]
[WhiteElo "2089"]
[BlackElo "2189"]
[Annotator "NA"]
[PlyCount "105"]
[EventDate "2018.12.14"]
[EventType "swiss"]
[EventCountry "UAE"]
[SourceTitle "playchess.com"]
[Source "ChessBase"]
[SourceQuality "1"]
[TimeControl "5400+30"]

1. e4 {[%emt 0:00:00]} c5 {[%emt 0:00:00]} 2. Nc3 {[%emt 0:00:00]} e6 {[%emt 0:02:10]} 3. Nf3 {[%emt 0:00:40]} Nc6 {[%emt 0:00:49]} 4. d4 {[%emt 0:00:40]} cxd4 {[%emt 0:00:07]} 5. Nxd4 {[%emt 0:00:13]} Qc7 {[%emt 0:08:03]} 6. g3 {[%emt 0:09:25]} a6 {[%emt 0:02:31]} 7. Bg2 {[%emt 0:03:06]} Nf6 {[%emt 0:02:45]} 8. O-O {[%emt 0:03:17]} Be7 {[%emt 0:00:45]} 9. Re1 {[%emt 0:06:36]} d6 {[%emt 0:00:29]} 10. Nxc6 {[%emt 0:02:15]} bxc6 {[%emt 0:00:05]} 11. e5 {[%emt 0:00:20]} dxe5 {[%emt 0:00:15]} 12. Rxe5 {[%emt 0:00:35]} Nd5 {[%emt 0:05:50]} 13. Nxd5 {[%emt 0:18:56]} cxd5 {[%emt 0:02:10]} 14. Qe2 {[%emt 0:07:16]} Bb7 {[%emt 0:02:40]} 15. c4 {[%emt 0:08:24]} dxc4 {[%emt 0:02:24]} 16. Bxb7 {[%emt 0:03:49]} Qxb7 {[%emt 0:00:06]} 17. Qxc4 $11 {[%emt 0:01:17]} O-O {[%emt 0:01:50]} 18. Qe4 {[%emt 0:01:34]} Qxe4 {[%emt 0:22:01]} 19. Rxe4 {[%emt 0:00:04]} Bf6 {[%emt 0:00:28]} 20. Rb1 {[%emt 0:03:40]} Rfb8 {[%emt 0:05:04]} 21. h4 {[%emt 0:04:38]} h6 {[%emt 0:03:01]} 22. b3 {[%emt 0:02:57]} a5 {[%emt 0:01:51]} 23. Bb2 {[%emt 0:01:52]} Be7 {[%emt 0:03:47]} 24. Rd1 {[%emt 0:03:02]} Rb7 {[%emt 0:09:25]} 25. Bc3 {[%emt 0:03:26]} Rc7 {[%emt 0:05:43]} 26. Rd3 {[%emt 0:00:43]} Rc5 {[%emt 0:03:31]} 27. Ra4 {[%emt 0:04:10]} Rb5 {[%emt 0:02:59]} 28. Rd7 {[%emt 0:01:51]} Bf8 {[%emt 0:01:49]} 29. Kg2 {[%emt 0:01:21]} h5 {[%emt 0:01:33]} 30. Rdd4 {[%emt 0:02:42]} Bc5 {[%emt 0:04:12]} 31. Rdc4 {[%emt 0:00:44]} Ra7 {[%emt 0:03:23]} 32. Rxc5 {[%emt 0:01:13]} Rxc5 {[%emt 0:00:01]} 33. Bd4 {[%emt 0:00:06]} Rac7 {[%emt 0:00:04]} 34. Bxc5 {[%emt 0:00:10]} Rxc5 {[%emt 0:00:02]} 35. Rd4 {[%emt 0:03:47]} Rf5 {[%emt 0:03:10]} 36. Rd8+ {[%emt 0:01:06]} Kh7 {[%emt 0:00:04]} 37. a4 {[%emt 0:00:49]} Kg6 {[%emt 0:01:14]} 38. Rb8 {[%emt 0:00:38]} Kf6 {[%emt 0:00:14]} 39. Rb6 {[%emt 0:01:03]} Ke7 {[%emt 0:00:37]} 40. Kf1 {[%emt 0:00:22]} Kd7 {[%emt 0:00:15]} 41. b4 {[%emt 0:00:26]} Kc7 {[%emt 0:00:49]} 42. bxa5 {[%emt 0:00:08]} Rxa5 {[%emt 0:00:04]} 43. Rb4 {[%emt 0:00:02]} Re5 {[%emt 0:00:23]} 44. Rf4 {[%emt 0:01:10]} f6 {[%emt 0:00:30]} 45. Kg2 {[%emt 0:00:24]} Kb6 {[%emt 0:00:33]} 46. g4 {[%emt 0:00:46]} Ka5 {[%emt 0:00:29]} 47. Kg3 {[%emt 0:00:25]} Rd5 {[%emt 0:02:01]} 48. gxh5 {[%emt 0:00:54]} Rxh5 {[%emt 0:00:02]} 49. Re4 {[%emt 0:00:25]} g5 {[%emt 0:00:55]} 50. hxg5 {[%emt 0:00:36]} Rxg5+ {[%emt 0:00:05]} 51. Kf3 {[%emt 0:00:18]} e5 {[%emt 0:00:22]} 52. Ke3 {[%emt 0:00:42]} Rh5 {[%emt 0:01:06]} 53. f4 {[%emt 0:00:35]} 1/2-1/2

[Event "9th Sharjah Cup Women 2018"]
[Site "Sharjah"]
[Date "2018.12.19"]
[Round "8"]
[White "Soyunlu, Narmin"]
[Black "Samaganova, Alexandra"]
[Result "0-1"]
[WhiteElo "2078"]
[BlackElo "2038"]
[Annotator "NA"]
[PlyCount "98"]
[EventDate "2018.12.14"]
[EventType "swiss"]
[EventCountry "UAE"]
[SourceTitle "playchess.com"]
[Source "ChessBase"]
[SourceQuality "1"]
[TimeControl "5400+30"]

1. d4 {[%emt 0:00:00]} Nf6 {[%emt 0:00:00]} 2. c4 {[%emt 0:00:00]} e6 {[%emt 0:00:00]} 3. Nc3 {[%emt 0:00:00]} Bb4 {[%emt 0:00:14]} 4. a3 {[%emt 0:00:28]} Bxc3+ {[%emt 0:00:32]} 5. bxc3 {[%emt 0:00:04]} b6 {[%emt 0:01:16]} 6. f3 {[%emt 0:01:20]} d5 {[%emt 0:05:00]} 7. cxd5 {[%emt 0:02:57]} exd5 {[%emt 0:00:47]} 8. e3 {[%emt 0:00:23]} O-O {[%emt 0:03:35]} 9. Bd3 {[%emt 0:00:31]} Bb7 {[%emt 0:00:47]} 10. Ne2 {[%emt 0:00:16]} Re8 {[%emt 0:05:04]} 11. O-O {[%emt 0:00:16]} Nbd7 {[%emt 0:00:23]} 12. Ng3 {[%emt 0:01:12]} c5 {[%emt 0:11:02] E48: Nimzo-Indian: Rubinstein: 5 Bd3 d5 including 6 Ne2, but excluding 6 a3} 13. Re1 {[%emt 0:06:45]} (13. Ra2 Nf8 14. Re2 Bc6 15. Bb2 Ne6 16. Ref2 h5 17. Re1 g6 18. Bb1 h4 19. Nf1 {½-½ (32) Macedo,M (2410)-Santiago,Y (2363) Fortaleza 2012}) 13... Qc7 {[%emt 0:09:02]} 14. Bb2 $146 {[%emt 0:05:12]} ({Predecessor:} 14. Ra2 Rad8 15. e4 dxe4 16. fxe4 h6 17. e5 Nd5 18. Nf5 Nf8 19. Rf2 cxd4 20. cxd4 Re6 21. Ref1 Ng6 22. Bxh6 gxh6 23. Nxh6+ Kg7 24. Rxf7+ Kxh6 25. Rxc7 Nxc7 26. Qc1+ {1-0 (26) Wilson,J (2245)-Pickersgill,A (2105) Hastings 1995}) 14... h5 {[%emt 0:09:16]} 15. e4 {[%emt 0:23:10]} c4 {[%emt 0:30:28]} 16. Bc2 {[%emt 0:04:46]} h4 {[%emt 0:04:06]} 17. Nf5 {[%emt 0:00:45]} dxe4 {[%emt 0:00:56]} 18. fxe4 {[%emt 0:00:14]} g6 {[%emt 0:02:48]} 19. e5 $11 {[%emt 0:01:55]} gxf5 {[%emt 0:02:52]} 20. exf6 {[%emt 0:04:39]} Nxf6 {[%emt 0:00:48]} 21. Bxf5 {[%emt 0:04:50]} Qf4 {[%emt 0:00:56]} 22. Qc2 {[%emt 0:04:57]} Ng4 {[%emt 0:01:48]} 23. Bxg4 {[%emt 0:00:32]} Qxg4 {[%emt 0:00:02]} 24. h3 {[%emt 0:02:12]} Qg5 {[%emt 0:02:48]} 25. Rad1 {[%emt 0:03:41]} Bf3 {[%emt 0:04:10]} 26. Ra1 {[%emt 0:05:28]} Bh5 {[%emt 0:01:20]} 27. Qf2 {[%emt 0:01:42]} Bg6 {[%emt 0:00:56]} 28. Bc1 {[%emt 0:01:39]} Qh5 {[%emt 0:01:07]} 29. Bf4 {[%emt 0:00:57]} Be4 {[%emt 0:01:17]} 30. Be5 {[%emt 0:01:22]} Qg6 {[%emt 0:00:53]} 31. Re2 {[%emt 0:02:40]} f5 {[%emt 0:00:43]} 32. Qxh4 {[%emt 0:00:35]} Rad8 {[%emt 0:00:30]} 33. Rxe4 {[%emt 0:04:32]} fxe4 {[%emt 0:00:28]} 34. Qh8+ {[%emt 0:01:04]} Kf7 {[%emt 0:00:01]} 35. Rf1+ {[%emt 0:00:07]} Ke7 {[%emt 0:00:36]} 36. Qh4+ {[%emt 0:00:13]} Kd7 {[%emt 0:00:18]} 37. Rf6 {[%emt 0:00:33]} Qg8 {[%emt 0:00:38]} 38. Qxe4 {[%emt 0:01:04]} Re6 {[%emt 0:01:00]} 39. Qb7+ {[%emt 0:02:58]} Ke8 {[%emt 0:00:10]} 40. Qxa7 {[%emt 0:02:30]} Rxf6 {[%emt 0:00:51]} 41. Bxf6 {[%emt 0:00:24]} Rd7 {[%emt 0:00:29]} 42. Qxb6 {[%emt 0:01:56]} Qd5 {[%emt 0:00:28]} 43. Qb8+ {[%emt 0:00:51]} Kf7 {[%emt 0:00:04]} 44. Qf4 {[%emt 0:01:05]} Rb7 {[%emt 0:00:38]} 45. Qf2 {[%emt 0:01:20]} Rb1+ {[%emt 0:00:41]} 46. Kh2 {[%emt 0:00:02]} Qb7 {[%emt 0:00:37]} 47. Bg5+ {[%emt 0:01:17]} Ke8 {[%emt 0:00:32]} 48. Qe2+ {[%emt 0:00:18]} Kf8 {[%emt 0:00:31]} 49. Qxc4 {[%emt 0:00:34]} Qb8+ {[%emt 0:00:18]} 0-1

[Event "9th Sharjah Cup Women 2018"]
[Site "Sharjah"]
[Date "2018.12.19"]
[Round "8"]
[White "Kejzar, Petra"]
[Black "Patil, Mitali"]
[Result "1-0"]
[WhiteElo "2062"]
[BlackElo "2081"]
[Annotator "NA"]
[PlyCount "63"]
[EventDate "2018.12.14"]
[EventType "swiss"]
[EventCountry "UAE"]
[SourceTitle "playchess.com"]
[Source "ChessBase"]
[SourceQuality "1"]
[TimeControl "5400+30"]

1. e4 {[%emt 0:00:00]} e5 {[%emt 0:00:00]} 2. Nf3 {[%emt 0:00:00]} Nc6 {[%emt 0:00:00]} 3. Bb5 {[%emt 0:00:00]} f5 {[%emt 0:00:00]} 4. d3 {[%emt 0:05:02]} d6 {[%emt 0:01:30]} 5. Nbd2 {[%emt 0:10:39]} Nf6 {[%emt 0:03:55]} 6. exf5 {[%emt 0:05:20]} Bxf5 {[%emt 0:00:05]} 7. Nf1 {[%emt 0:00:29]} Be7 {[%emt 0:03:37]} 8. Ng3 {[%emt 0:00:36]} Bg6 {[%emt 0:01:08]} 9. h4 {[%emt 0:05:08]} h5 {[%emt 0:10:53]} 10. Bg5 {[%emt 0:19:48]} Qd7 {[%emt 0:09:43]} 11. Qd2 {[%emt 0:09:50]} O-O-O {[%emt 0:01:30]} 12. O-O-O {[%emt 0:00:53]} Bf7 {[%emt 0:09:43]} 13. Rhe1 {[%emt 0:07:11]} Bd5 {[%emt 0:05:00]} 14. Ne4 {[%emt 0:03:45]} a6 {[%emt 0:05:32]} 15. Ba4 {[%emt 0:01:34]} Qg4 {[%emt 0:01:46]} 16. Nc3 $15 {[%emt 0:05:08]} Nb4 {[%emt 0:09:04]} 17. a3 {[%emt 0:02:16]} Qxg2 {[%emt 0:02:34]} 18. Nxe5 {[%emt 0:03:34]} dxe5 {[%emt 0:06:02]} 19. axb4 {[%emt 0:00:14]} Bf3 {[%emt 0:03:04]} 20. Rg1 {[%emt 0:01:09]} Qh2 {[%emt 0:00:17]} 21. Rde1 {[%emt 0:02:09]} Bxb4 {[%emt 0:00:08]} 22. Qe3 {[%emt 0:00:25]} Bd5 {[%emt 0:13:37]} 23. Qa7 {[%emt 0:01:36]} c6 {[%emt 0:03:15]} 24. f4 {[%emt 0:04:56]} Rhe8 {[%emt 0:05:37]} 25. Re2 {[%emt 0:03:32]} Qh3 {[%emt 0:00:36]} 26. Bxf6 {[%emt 0:00:53]} gxf6 {[%emt 0:00:42]} 27. Nxd5 {[%emt 0:00:35]} Qf3 {[%emt 0:03:11]} 28. Qa8+ {[%emt 0:00:15]} Kd7 {[%emt 0:00:01]} 29. Qxb7+ {[%emt 0:00:11]} Ke6 {[%emt 0:00:19]} 30. Qxc6+ {[%emt 0:00:13]} Bd6 {[%emt 0:01:06]} 31. Nc7+ {[%emt 0:00:11]} Kf7 {[%emt 0:00:09]} 32. Qxf3 {[%emt 0:00:07]} 1-0

[Event "9th Sharjah Cup Women 2018"]
[Site "Sharjah"]
[Date "2018.12.19"]
[Round "8"]
[White "Boshra, Alshaeby"]
[Black "Rouda Essa, Alserkal"]
[Result "1-0"]
[WhiteElo "2019"]
[BlackElo "1525"]
[Annotator "NA"]
[PlyCount "47"]
[EventDate "2018.12.14"]
[EventType "swiss"]
[EventCountry "UAE"]
[SourceTitle "playchess.com"]
[Source "ChessBase"]
[SourceQuality "1"]
[TimeControl "5400+30"]

1. d4 {[%emt 0:00:00]} Nf6 {[%emt 0:00:00]} 2. c4 {[%emt 0:00:00]} g6 {[%emt 0:00:00]} 3. Nc3 {[%emt 0:00:01]} Bg7 {[%emt 0:00:24]} 4. g3 O-O {[%emt 0:00:21]} 5. Bg2 {[%emt 0:00:19]} d6 {[%emt 0:05:37]} 6. Nf3 {[%emt 0:00:07]} c5 {[%emt 0:00:53]} 7. O-O {[%emt 0:01:19]} Nbd7 {[%emt 0:16:57]} 8. d5 {[%emt 0:03:34]} Rb8 {[%emt 0:10:26]} 9. h3 {[%emt 0:04:02]} a6 {[%emt 0:15:40]} 10. a4 {[%emt 0:00:32]} Qc7 {[%emt 0:03:21]} 11. e4 {[%emt 0:02:09]} Rd8 {[%emt 0:11:11]} 12. Bg5 {[%emt 0:03:35]} h6 {[%emt 0:05:58]} 13. Be3 {[%emt 0:00:14]} Kh7 {[%emt 0:00:27]} 14. Qc2 $16 {[%emt 0:01:14]} Rf8 {[%emt 0:01:16]} 15. Nd2 {[%emt 0:04:08]} Qd8 {[%emt 0:03:18]} 16. Kh2 {[%emt 0:02:15]} Ne8 {[%emt 0:00:26]} 17. f4 {[%emt 0:00:37]} Nc7 {[%emt 0:00:31]} 18. e5 {[%emt 0:06:28]} dxe5 {[%emt 0:01:43]} 19. f5 {[%emt 0:00:05]} Rg8 {[%emt 0:00:53]} 20. fxg6+ {[%emt 0:02:01]} fxg6 {[%emt 0:00:10]} 21. Qxg6+ {[%emt 0:00:50]} Kh8 {[%emt 0:02:31]} 22. Be4 {[%emt 0:00:14]} Nf6 {[%emt 0:00:33]} 23. Rxf6 {[%emt 0:00:08]} Bxf6 {[%emt 0:00:22]} 24. Qh7# {[%emt 0:00:06]} 1-0